| 000 | 00431nam a2200157Ia 4500 | ||
|---|---|---|---|
| 008 | 230312s9999||||xx |||||||||||||| ||und|| | ||
| 020 | _a0-7506-8138-4 | ||
| 082 |
_a629.134 _bTOO-A |
||
| 100 | _aTooley;Mike | ||
| 245 | 0 | _aAircraft Digital Electronic and Computer Systems | |
| 260 |
_bElsevier _aUSA _c2007 |
||
| 300 | _a198 | ||
| 546 | _aEng. | ||
| 650 |
_aAviation _vAircraft Digital Electronic and Computer Systems |
||
| 942 | _cBK | ||
| 999 |
_c6870 _d6870 |
||